00521nam a2200157Ia 4500003000900000008004100009040001600050080001500066100002400081245015600105260004100261300001600302650001600318650001200334700001700346IN-BaIIA211028s9999 xx 000 0 eng d cIIA Library a910.4bTHO aThomson, Wyville C. 0aReport on the scientific results of the voyage of H M S Challenger the year 1873 - 76bvol.1, physics and chemistrycWyville C. Thomson and John Murray aLondonbH.M. Stationery Officec1884 aviii, 250p. aExpeditions aVoyages aMurray, John